00698 2200229 4500001002100000005001500021035002000036007000300056008004100059020001800100082001100118084001700129100002000146245003000166260004600196300003200242500012000274650004100394856001700435990000800452990000800460INLIS00000000000021920220302085352 a0010-0322000017ta220302 g 0 ind  a9789791409261 a297.56 a297.56 SAL h0 aSalman R. Anwar1 aHidup beradab setiap saat aYogyakarta :bPustaka Insan Madani,c2007 a68 hlm + iv ;c15 x 21,5 cm aPotensi akal manusia inilah yang menjadi fokus pembahasan buku ini. dengan menyodorkan serangkaian adab sehari-hari 4aEtika Moral Islam dalam Hal Tertentu aKoleksi Umum a415 a416